Szabadalmi anyagi jogi problémák és megoldási elképzelések közfinanszírozású kutatóhelyeken
A disszertáció alapjául szolgáló kutatómunka középpontjában alanyi szempontból a felsőoktatási intézmények és közfinanszírozású kutatóhelyek, anyagi jogi szempontból pedig három szabadalmi anyagi jogi intézményi kör: a munkavégzésre irányuló jogviszony alatt végrehajtott kutatás-fejlesztés eredményé...
Elmentve itt :
| Szerző: | |
|---|---|
| További közreműködők: | |
| Dokumentumtípus: | Disszertáció |
| Megjelent: |
2012-05-25
|
| Tárgyszavak: | |
| doi: | 10.14232/phd.1426 |
| mtmt: | 22333494 |
| Online Access: | http://doktori.ek.szte.hu/1426 |
| LEADER | 02586nta a2200253 i 4500 | ||
|---|---|---|---|
| 001 | dokt1426 | ||
| 005 | 20250602101412.0 | ||
| 008 | 120319s2012 hu om 000 hun d | ||
| 024 | 7 | |a 10.14232/phd.1426 |2 doi | |
| 024 | 7 | |a 22333494 |2 mtmt | |
| 040 | |a SZTE Doktori Repozitórium |b hun | ||
| 041 | |a hun | ||
| 100 | 1 | |a Molnár István | |
| 245 | 1 | 0 | |a Szabadalmi anyagi jogi problémák és megoldási elképzelések közfinanszírozású kutatóhelyeken |h [elektronikus dokumentum] / |c Molnár István |
| 246 | 1 | 0 | |a Some remarks on the problems of the substantive patent law at public research organizations and suggestions for their solution |h [elektronikus dokumentum] |
| 260 | |c 2012-05-25 | ||
| 502 | |a Disszertacio | ||
| 520 | 3 | |a A disszertáció alapjául szolgáló kutatómunka középpontjában alanyi szempontból a felsőoktatási intézmények és közfinanszírozású kutatóhelyek, anyagi jogi szempontból pedig három szabadalmi anyagi jogi intézményi kör: a munkavégzésre irányuló jogviszony alatt végrehajtott kutatás-fejlesztés eredményéhez fűződő jogok; a szabadalmazott megoldást javító fejlesztési eredmények szabadalmazhatósága és a licenciaszerződések szavatossági kérdései álltak. A kutatásnak aktualitást adott, hogy a közfinanszírozású kutatóhelyek mint szellemi termék-kibocsátók növekvő szereppel – és felelősséggel – rendelkeznek a modern innovációs rendszerekben. A viszonylag új szerep, nevezetesen a nyílt innováció paradigmáján alapuló innovátori minőség azonban gyakran kényelmetlen az intézmények és kutatóik számára. Felelősségük kettős: egyrészt felelősség a közpénzek hatékony felhasználásáért, másrészt felelősség a létrehozott szellemi alkotások fizikai termékké alakítása során esetlegesen bekövetkező hibákért, mellékhatásokért. Ez a kettős felelősség fokozott körültekintést kíván meg az egyetemektől és kutatóintézetektől. A téma kutatásával és az eredmények ismertetésével az volt a célom, hogy hasznos eredményekkel járuljak hozzá iparjogvédelmünk fejlődéséhez és a közfinanszírozású kutatóhelyi szellemi tulajdonjogi kihívások megfelelő megoldásához. | |
| 650 | 4 | |a állam- és jogtudományok | |
| 650 | 4 | |a Jogtudomány | |
| 700 | 0 | 2 | |a Homoki Nagy Mária |e ths |
| 700 | 0 | 2 | |a Jakab Éva |e ths |
| 856 | 4 | 0 | |u https://doktori.bibl.u-szeged.hu/id/eprint/1426/1/Phd2010_v26_2012_02_12.pdf |z Dokumentum-elérés |
| 856 | 4 | 0 | |u https://doktori.bibl.u-szeged.hu/id/eprint/1426/2/t%C3%A9zisek_2012.03.18.pdf |z Dokumentum-elérés |